[Event "5th LCT Open A"]
[Site "Leiden NED"]
[Date "2011.07.15"]
[Round "7"]
[White "Van den Doel,E"]
[Black "Nikolic,Pr"]
[Result "0-1"]
[WhiteElo "2574"]
[BlackElo "2629"]

1.e4 e5 2.Nf3 Nc6 3.Bb5 a6 4.Ba4 Nf6 5.O-O Be7 6.Re1 b5 7.Bb3 d6 8.c3 O-O
9.d4 Bg4 10.Be3 Na5 11.dxe5 Bxf3 12.Qxf3 dxe5 13.Bc2 c5 14.Nd2 Qc7 15.Nf1 Nc4
16.Bc1 g6 17.Bg5 Nh5 18.Bh6 Ng7 19.b3 Nb6 20.Ne3 Rfd8 21.Ng4 Nd7 22.Be3 h5
23.Nh6+ Kh7 24.g4 Rf8 25.Kh1 Nf6 26.Rg1 hxg4 27.Nxg4 Ngh5 28.Rad1 Rh8 29.Bg5 Kg7
30.Ne3 Kf8 31.Nd5 Nxd5 32.exd5 Kg7 33.d6 Bxd6 34.Be4 Rag8 35.Qd3 Be7 36.Bxe7 Qxe7
37.Bxg6 Nf4 38.Be4+ Kf6 39.Qd6+ Qxd6 40.Rxd6+ Ke7 41.Rxa6 Rxg1+ 42.Kxg1 Ne2+
43.Kg2 Nxc3 44.Bc2 Nd5 45.Bf5 Rh5 46.Bc8 Nf4+ 47.Kg3 Ne2+ 48.Kf3 Nd4+ 49.Ke4 Rh8
50.Ra7+ Kd6 51.Ra6+ Kc7 52.Bf5 Rxh2 53.Kxe5 Nc6+ 54.Ke4 Rxf2 55.a4 b4 56.Bh3 Nd4
57.Kd5 Kb7 58.Rd6 Nxb3 59.Kc4 Rc2+ 60.Kb5 Nd4+ 61.Ka5 Rf2 62.Rb6+ Kc7 63.Ka6 b3
64.a5 b2 65.Rb7+ Kd6 66.Rb6+ Ke5 67.Kb7 Rf3 68.Rxb2 Rxh3 69.a6 Ra3 70.a7 c4
71.a8=Q Rxa8 72.Kxa8 c3 73.Rb1 c2 74.Rc1 f5 75.Kb7 f4 76.Kc7 f3 77.Kd7 f2
78.Ke7 Ne2  0-1

[Event "5th LCT Open A"]
[Site "Leiden NED"]
[Date "2011.07.16"]
[Round "8"]
[White "Nikolic,Pr"]
[Black "Deepan,C"]
[Result "1-0"]
[WhiteElo "2629"]
[BlackElo "2470"]

1.d4 Nf6 2.c4 g6 3.Nf3 Bg7 4.g3 O-O 5.Bg2 c6 6.O-O d5 7.cxd5 cxd5 8.Ne5 e6
9.Nc3 Nfd7 10.f4 Nc6 11.e4 dxe4 12.Nxe4 Nf6 13.Be3 Nd5 14.Bf2 Nce7 15.Qb3 b6
16.Rfe1 Bb7 17.Qa3 a5 18.Nd6 Rb8 19.Nxb7 Rxb7 20.Qa4 Rc7 21.Rac1 Qc8 22.Nd3 Rxc1
23.Rxc1 Qa6 24.Qc4 Qxc4 25.Rxc4 Rc8 26.Rxc8+ Nxc8 27.Kf1 Kf8 28.Ke2 Ke7 29.Ne5 Nd6
30.Be1 h5 31.Kd3 Ke8 32.a3 Bf8 33.Bd2 Be7 34.Bf3 Bf8 35.Bd1 Be7 36.Bb3 Bf8
37.Ba4+ Kd8 38.Bc6 Bg7 39.Ba4 Bf8 40.Nc4 Kc7 41.Nxd6 Kxd6 42.Kc4 Bg7 43.Bd1 Kc6
44.Ba4+ Kd6 45.b4 axb4 46.axb4 Nc7 47.Be3 f5 48.b5 Bf6 49.Bd1 Nd5 50.Bc1 Be7
51.Bf3 Nf6 52.Ba3+ Kd7 53.Bc6+ Kd8 54.Bc1 Kc7 55.h3 Ne4 56.Bxe4 fxe4 57.Be3 Kd6
58.Bf2 g5 59.fxg5 Bxg5 60.g4 hxg4 61.Bg3+ Kd7 62.hxg4 Kd8 63.Bd6 Kd7 64.Bb4 Kc7
65.Kc3 Kd7 66.Bf8 Ke8 67.Bg7 Kd8 68.Kc2 Kd7 69.Be5 Kd8 70.Kd1 Kc8 71.Ke2 Kd7
72.Bg3 Kd8 73.Bf2 Kd7 74.Be3 Bf6 75.g5 Bg7 76.g6 Ke8 77.Kf2 Kf8 78.Kg3 e5
79.d5 Ke7 80.Kg4 Kd6 81.Bxb6 Kxd5 82.Be3 Kd6 83.Kf5 Kd5 84.b6 Kc6 85.Ke6  1-0

[Event "5th LCT Open A"]
[Site "Leiden NED"]
[Date "2011.07.17"]
[Round "9"]
[White "Tiviakov,S"]
[Black "Nikolic,Pr"]
[Result "1-0"]
[WhiteElo "2623"]
[BlackElo "2629"]

1.e4 e5 2.Nf3 Nc6 3.Bb5 a6 4.Ba4 Nf6 5.Qe2 b5 6.Bb3 Be7 7.c3 O-O 8.d4 d6
9.Nbd2 Re8 10.Ng5 Rf8 11.dxe5 dxe5 12.Nf1 Na5 13.Bc2 Nc4 14.Ng3 Bg4 15.f3 Bd7
16.b3 Nd6 17.f4 exf4 18.Bxf4 Nd5 19.exd5 Bxg5 20.O-O g6 21.c4 bxc4 22.bxc4 Bxf4
23.Rxf4 Qg5 24.Qf2 c5 25.Rf1 Qe5 26.Bd3 Rac8 27.Rf6 Kg7 28.Qf4 Qxf4 29.R1xf4 Bf5
30.Nxf5+ Nxf5 31.Rxa6 Nd4 32.Ra7 Rce8 33.Rc7 Re1+ 34.Rf1 Rxf1+ 35.Bxf1 Ra8
36.Rxc5 Rxa2 37.Rc8 Nf5 38.Bd3 Nh4 39.d6 Rxg2+ 40.Kf1 Rd2 41.d7 Nf3 42.Be4 Nxh2+
43.Kg1 Rxd7 44.Kxh2 Rd2+ 45.Kg3 f5 46.Bd5 Kf6 47.Kf4 Rd4+ 48.Ke3 Rd1 49.Bf3 Ra1
50.c5 Ra3+ 51.Ke2 Ke5 52.c6 Kf4 53.Bd5 g5 54.Rd8  1-0

[Event "2nd ch-Vojvodina"]
[Site "Novi Sad SRB"]
[Date "2011.07.25"]
[Round "3.13"]
[White "Jovic,Ste"]
[Black "Nikolic,Predrag N"]
[Result "1/2-1/2"]
[WhiteElo "2273"]
[BlackElo "2019"]

1.d4 Nf6 2.c4 c5 3.d5 e6 4.Nc3 exd5 5.cxd5 d6 6.Nf3 g6 7.e4 Bg7 8.Bd3 O-O
9.O-O a6 10.a4 Bg4 11.Re1 Re8 12.Bf4 Nh5 13.Be3 Nd7 14.Be2 Bxc3 15.bxc3 Rxe4
16.Qb1 Re7 17.a5 Qc7 18.h3 Bxf3 19.Bxf3 Ng7  1/2-1/2

[Event "2nd ch-Vojvodina"]
[Site "Novi Sad SRB"]
[Date "2011.07.26"]
[Round "4.13"]
[White "Nikolic,Predrag N"]
[Black "Tancik,K"]
[Result "1/2-1/2"]
[WhiteElo "2019"]
[BlackElo "2273"]

1.e4 Nf6 2.d3 e5 3.f4 Nc6 4.Nf3 d6 5.Be2 Bg4 6.O-O Bxf3 7.Bxf3 Nd4 8.c3 Nxf3+
9.Qxf3 Qd7 10.d4 O-O-O 11.h3 Re8 12.fxe5 dxe5 13.d5 Be7 14.a4 Rhg8 15.Bg5 Nxd5
16.Bxe7 Nxe7 17.Qxf7  1/2-1/2

[Event "2nd ch-Vojvodina"]
[Site "Novi Sad SRB"]
[Date "2011.07.28"]
[Round "6.22"]
[White "Ilijc,M"]
[Black "Nikolic,Predrag N"]
[Result "1-0"]
[WhiteElo "2192"]
[BlackElo "2019"]

1.c4 Nf6 2.g3 g6 3.Bg2 Bg7 4.Nc3 O-O 5.d4 d6 6.Nf3 Nbd7 7.O-O c5 8.d5 Nb6
9.Qd3 Bg4 10.Nd2 Qc8 11.f4 h5 12.e4 Bh3 13.Nf3 Bxg2 14.Kxg2 Bh6 15.f5 Bxc1
16.Raxc1 Kg7 17.fxg6 fxg6 18.Ng5 Rg8 19.Ne6+ Kh7 20.e5 dxe5 21.Ne4 Nbd7 22.Qe3 Qe8
23.N4g5+ Kh8 24.Nc7 Qf8 25.Nxa8 Qxa8 26.Nf7+ Kg7 27.Nxe5 Qc8 28.Nxd7 Qxd7
29.Qxc5  1-0

[Event "Schachbundesliga 2011-12"]
[Site "Muelheim GER"]
[Date "2011.10.14"]
[Round "1"]
[White "Nikolic,Pr"]
[Black "Swinkels,R"]
[Result "1-0"]
[WhiteElo "2636"]
[BlackElo "2494"]

1.d4 d5 2.c4 c6 3.Nc3 Nf6 4.e3 e6 5.Nf3 Nbd7 6.Be2 Bd6 7.O-O O-O 8.b3 b6
9.a4 Bb7 10.Bb2 Qe7 11.a5 c5 12.Nb5 Bb8 13.cxd5 Bxd5 14.Ba3 Ne4 15.a6 Qf6
16.Rc1 Rd8 17.Bc4 Bc6 18.Qe2 Nd6 19.Rfd1 Nxc4 20.bxc4 Be4 21.Nd2 Bc6 22.Nb3 Qh4
23.h3 Rc8 24.dxc5 Nxc5 25.Bxc5 bxc5 26.Na5 Be8 27.Nb7 Qe7 28.Rd3 Bc7 29.Rcd1 h6
30.Qf3 Bc6 31.Qh5 Bb6 32.N5d6 Rc7 33.f4 Rb8 34.Kh2 Kh7 35.e4 Qf6 36.Qg4 Qg6
37.Qe2 e5 38.f5 Qg5 39.g3 Qe7 40.h4 f6 41.Qh5 Kg8 42.R1d2 Rd7 43.Qd1 Qf8
44.Kh3 Kh7 45.Qh5 Kg8 46.g4 Bc7 47.g5 Bxd6 48.Nxd6 Rbd8 49.gxh6 Rxd6 50.Rxd6 Rxd6
51.hxg7  1-0

[Event "Schachbundesliga 2011-12"]
[Site "Muelheim GER"]
[Date "2011.10.16"]
[Round "3"]
[White "Neubauer,M"]
[Black "Nikolic,Pr"]
[Result "1-0"]
[WhiteElo "2431"]
[BlackElo "2636"]

1.d4 d5 2.c4 dxc4 3.e4 Nf6 4.e5 Nd5 5.Bxc4 Nb6 6.Bd3 Nc6 7.Be3 Be6 8.Nc3 Bd5
9.Nf3 e6 10.O-O Qd7 11.Rc1 Nb4 12.Nxd5 N4xd5 13.Ng5 O-O-O 14.Qe2 Kb8 15.Ne4 c6
16.a3 f5 17.exf6 gxf6 18.Rfd1 Rg8 19.Nc5 Qf7 20.b4 f5 21.Bd2 Rg6 22.a4 Nd7
23.b5 Nxc5 24.dxc5 Rc8 25.Bc4 Ka8 26.bxc6 Rxc6 27.Be3 Rc8 28.c6 bxc6 29.Ba6 Rb8
30.Rxc6 f4 31.Qf3 Qd7 32.Rxe6 Qxe6 33.Rxd5 Qxa6 34.Rd7+ Qb7 35.Rxb7 Rxb7
36.Bxf4 Bd6 37.g3 Bxf4 38.Qxf4 Rd7 39.h4 Kb7 40.Kg2 Rgd6 41.Qe4+ Kb6 42.Qb4+ Kc7
43.Qc5+ Kd8 44.Qg5+ Kc7 45.Qa5+ Kc8 46.g4 Rd5 47.Qa6+ Kd8 48.Kg3 Rd1 49.Qf6+ Re7
50.h5 Rg1+ 51.Kh4 Rh1+ 52.Kg5 Re1 53.Qd6+ Kc8 54.Qc5+ Rc7 55.Qf8+ Kd7 56.Qh8 Rc5+
57.Kh4 Re7 58.Qd4+ Kc6 59.f4 Rd7 60.Qe4+ Rcd5 61.g5 Kc5 62.g6 hxg6 63.hxg6 a5
64.Qc2+ Kb4 65.f5 Rd2 66.Qc6  1-0

[Event "TCh-BEL 2011-12"]
[Site "Belgium BEL"]
[Date "2011.11.06"]
[Round "3.1"]
[White "Renette,H"]
[Black "Nikolic,Pr"]
[Result "1/2-1/2"]
[WhiteElo "2348"]
[BlackElo "2636"]

1.d4 Nf6 2.c4 e6 3.g3 Bb4+ 4.Bd2 a5 5.Nf3 b6 6.Bg2 Bb7 7.O-O O-O 8.Bg5 Be7
9.Nc3 d5 10.Ne5 c6 11.Rc1 h6 12.Bf4 Re8 13.cxd5 Nxd5 14.Nxd5 cxd5 15.Qa4 Bd6
16.Rc2 Re7 17.Rfc1 Na6 18.Nc6 Bxc6 19.Qxc6 Bxf4 20.gxf4 Kh8 21.a3 Rb8 22.f5 Nc7
23.fxe6 fxe6 24.Rc3 Ne8 25.Kh1 Nd6 26.Bh3 Kg8 27.f3 Kh8 28.e4 dxe4 29.fxe4 Nf7
30.Bxe6 Qxd4 31.Qd5 Qf6 32.Rc8+ Re8 33.Rxe8+ Rxe8 34.Bxf7 Qf3+ 35.Kg1 Qg4+
36.Kh1 Qf3+ 37.Kg1 Qg4+ 38.Kh1 Qf3+  1/2-1/2

[Event "TCh-NED Meesterklasse 2011-12"]
[Site "Netherlands NED"]
[Date "2011.11.26"]
[Round "3.3"]
[White "Nikolic,Pr"]
[Black "Siebrecht,S"]
[Result "1-0"]
[WhiteElo "2636"]
[BlackElo "2471"]

1.d4 d5 2.c4 c6 3.Nc3 Nf6 4.e3 e6 5.Nf3 Nbd7 6.Qc2 Bd6 7.Be2 O-O 8.b3 b6
9.O-O Bb7 10.Bb2 Qe7 11.Rfe1 Rac8 12.e4 Nxe4 13.Nxe4 dxe4 14.Qxe4 Nf6 15.Qh4 Ba3
16.Bc3 Bb4 17.Rac1 Bxc3 18.Rxc3 c5 19.Bd3 Rfe8 20.Bb1 Rcd8 21.d5 Qd6 22.Rce3 exd5
23.Bxh7+ Kf8 24.Bf5 Rxe3 25.Qh8+ Ng8 26.Rxe3 g6 27.Ng5  1-0

[Event "Schachbundesliga 2011-12"]
[Site "Hamburg GER"]
[Date "2011.12.10"]
[Round "6"]
[White "Ftacnik,L"]
[Black "Nikolic,Pr"]
[Result "1/2-1/2"]
[WhiteElo "2570"]
[BlackElo "2636"]

1.Nf3 f5 2.d4 Nf6 3.g3 e6 4.Bg2 d5 5.O-O Bd6 6.c4 c6 7.b3 Qe7 8.Bf4 Bxf4
9.gxf4 O-O 10.Nbd2 Bd7 11.Ne5 Be8 12.Qc2 Bh5 13.f3 c5 14.dxc5 Qxc5+ 15.Kh1 Nc6
16.Rac1 Qe3 17.cxd5 exd5 18.Qd3 Qxf4 19.Nxc6 bxc6 20.Rxc6 Rae8 21.Rc3 Qe5
22.f4 Qxe2 23.Bxd5+ Nxd5 24.Qxd5+ Kh8 25.Qg2 Bf7 26.h3 Qb5 27.Nf3 Bd5 28.Rc7 Rg8
29.Kh2 Re2 30.Rf2 Rxf2 31.Qxf2 Qb8 32.Ne5 Rc8 33.Rc5 Rd8 34.Rc2 Kg8 35.Rd2 Be4
36.Rxd8+ Qxd8 37.Qxa7 Qd2+ 38.Kg3 Qg2+ 39.Kh4 h6 40.Qe3 Qxa2 41.Qb6 Bd5 42.Ng6 Qa8
43.Ne7+ Kh8 44.Nxf5 Qf8 45.Kg4 Qf7 46.Nd4 Qe8 47.Qd6 Qe4 48.Qe5 Qg2+ 49.Kh4 Qf2+
50.Kg4 Bf7 51.Nf5 Qg2+ 52.Kh4 Kh7 53.Ng3 Qd2 54.b4 Bg6 55.b5 Bc2 56.Nh5 Qf2+
57.Ng3 Bd3 58.Kg4 Qb6 59.Nh5 Qg1+ 60.Kf3 Qf1+ 61.Kg3 Qg1+ 62.Kf3 Qf1+  1/2-1/2

[Event "Schachbundesliga 2011-12"]
[Site "Hamburg GER"]
[Date "2011.12.11"]
[Round "7"]
[White "Nikolic,Pr"]
[Black "Maksimenko,An"]
[Result "1-0"]
[WhiteElo "2636"]
[BlackElo "2553"]

1.d4 Nf6 2.c4 e6 3.Nf3 d5 4.Bg5 Be7 5.e3 O-O 6.Nc3 h6 7.Bxf6 Bxf6 8.Rc1 c6
9.Be2 Nd7 10.cxd5 cxd5 11.O-O a6 12.Qb3 b5 13.Bd3 Qb6 14.Rfd1 Bb7 15.a4 bxa4
16.Qxa4 Bc6 17.Qa3 Rfe8 18.Na4 Qb7 19.b4 Bxa4 20.Qxa4 Be7 21.Ra1 Ra7 22.Ne5 Qxb4
23.Qxb4 Bxb4 24.Nc6 Rb7 25.Rdb1 a5 26.Rxa5 Rb6 27.Nxb4 Reb8 28.Ra7 Nf6 29.Raa1  1-0

[Event "TCh-NED Meesterklasse 2011-12"]
[Site "Netherlands NED"]
[Date "2011.12.17"]
[Round "4.3"]
[White "Ernst,S"]
[Black "Nikolic,Pr"]
[Result "0-1"]
[WhiteElo "2581"]
[BlackElo "2636"]

1.d4 e6 2.c4 Bb4+ 3.Bd2 Bxd2+ 4.Qxd2 Nf6 5.Nc3 d5 6.Nf3 O-O 7.g3 dxc4 8.Bg2 Nc6
9.O-O Rb8 10.Rad1 b5 11.Ng5 Ne7 12.e4 h6 13.e5 hxg5 14.exf6 gxf6 15.f4 g4
16.f5 Kg7 17.fxe6 fxe6 18.Qe2 f5 19.d5 Qd6 20.dxe6 Qxe6 21.Qd2  0-1

[Event "TCh-BEL 2011-12"]
[Site "Belgium BEL"]
[Date "2012.01.29"]
[Round "7.1"]
[White "Nikolic,Pr"]
[Black "Michiels,B"]
[Result "1-0"]
[WhiteElo "2636"]
[BlackElo "2501"]

1.d4 d5 2.c4 c6 3.Nc3 Nf6 4.e3 e6 5.Nf3 Nbd7 6.Be2 Bd6 7.b3 O-O 8.O-O b6
9.a4 Bb7 10.Bb2 c5 11.a5 bxa5 12.Nb5 Be7 13.Bc3 Qb8 14.Bxa5 Rc8 15.h3 Ne4
16.Bd3 h6 17.Qe2 Bf6 18.Rfc1 Bc6 19.Na3 Ng5 20.Nxg5 hxg5 21.cxd5 Bxd5 22.e4 Bb7
23.e5 Be7 24.Qh5 Nf8 25.dxc5 Bxc5 26.Qxg5 Bd4 27.Rxc8 Bxc8 28.Rb1 Qxe5 29.Qxe5 Bxe5
30.Nc4 Bd4 31.Be4 Rb8 32.Bc7 Rb4 33.Bd6 Rb5 34.Rd1 Bf6 35.b4 Bb7 36.Bc2 Rg5
37.Ne3 Ng6 38.Ba4 a6 39.Bg3 Bc3 40.h4 Rh5 41.Rd8+ Kh7 42.Rd7 Be4 43.Rxf7 Bxb4
44.Bd1 Rb5 45.h5 Ne7 46.Be2 Rb7 47.Bxa6 Rb6 48.Bc4 Kg8 49.Rf4 Bd5 50.Rg4 Bxc4
51.Nxc4 Rb7 52.Re4 Rb5 53.Be5 g6 54.hxg6 Nxg6 55.Bb2 Kf7 56.g3 Bc5 57.Kg2 Rb3
58.Re2 Be7 59.Bd4 Rb4 60.Rc2 Ra4 61.Be3 Bf6 62.Nd6+ Ke7 63.Nc8+ Kd8 64.Nb6 Ra6
65.Rc6 Ne5 66.Rxe6 Ng4 67.Bc5 Ra5 68.Nd5 Rxc5 69.Nxf6 Ne5 70.f4 Rc2+ 71.Kh3 Nf3
72.Kg4 Rc3 73.Re8+  1-0

[Event "Schachbundesliga 2011-12"]
[Site "Solingen GER"]
[Date "2012.02.04"]
[Round "8"]
[White "Nikolic,Pr"]
[Black "Handke,F"]
[Result "1/2-1/2"]
[WhiteElo "2636"]
[BlackElo "2518"]

1.d4 d5 2.c4 c6 3.Nc3 Nf6 4.e3 a6 5.Nf3 e6 6.Qc2 c5 7.cxd5 exd5 8.dxc5 Bxc5
9.Ne2 Ne4 10.Ng3 Bb4+ 11.Nd2 Nf6 12.Be2 O-O 13.O-O d4 14.Nb3 dxe3 15.Bxe3 Bg4
16.a3 Bd6 17.Rfd1 Qc7 18.Qxc7 Bxc7 19.f3 Re8 20.Nf1 Bd7 21.Rac1 Bc6 22.Bc4 Nbd7
23.Nd4 Bb6 24.Bf2 Bd5 25.Ne3 Bxc4 26.Nxc4 Bc5 27.Na5 b6 28.Nac6 g6 29.Kf1 h5
30.Nb3 Bxf2 31.Kxf2 Kg7 32.Rd6 Rac8 33.Nb4 Rxc1 34.Nxc1 a5 35.Nba2 Rc8 36.Nc3 Ne5
37.Rxb6 Nc4 38.Rb5 Nxb2 39.N1e2 Nc4 40.a4 Rc7 41.h4 Rc8 42.Kg3 Rc7 43.Kf4 Rc8
44.Ne4 Nxe4 45.fxe4 Rc6 46.Nd4 Rf6+ 47.Kg3 Nd6 48.e5 Ne4+ 49.Kh2 Rf4 50.Nf3 Nc3
51.Rxa5 Rxa4 52.Rc5 Ne4 53.Rc7 Kf8 54.Rd7 Nc5 55.Rc7 Ne6 56.Rb7  1/2-1/2

[Event "Schachbundesliga 2011-12"]
[Site "Solingen GER"]
[Date "2012.02.05"]
[Round "9"]
[White "Klyuner,V"]
[Black "Nikolic,Pr"]
[Result "1-0"]
[WhiteElo "2428"]
[BlackElo "2636"]

1.e4 e6 2.d3 d5 3.Nd2 c5 4.Ngf3 Nc6 5.g3 Bd6 6.Bg2 Nge7 7.O-O Bc7 8.c3 b6
9.Re1 O-O 10.exd5 Nxd5 11.Nc4 Bb7 12.d4 cxd4 13.Nxd4 Rc8 14.Nxc6 Bxc6 15.Ne3 Ne7
16.Bxc6 Nxc6 17.Qa4 Bb8 18.Rd1 Qe7 19.Nc4 f5 20.b3 Qb7 21.Qb5 Rfd8 22.Bg5 Rd7
23.Rxd7 Qxd7 24.Re1 h6 25.Bc1 Qd3 26.Ba3 e5 27.Re3 Qd1+ 28.Kg2 Kh8 29.Nb2 Qh5
30.Qd5 Qg6 31.Rd3 e4 32.Rd1 f4 33.Nc4 e3 34.fxe3 fxg3 35.h3 Rd8 36.Qxd8+ Nxd8
37.Rxd8+ Kh7 38.Rxb8 b5 39.Ne5 Qa6 40.Bc5 Qxa2+ 41.Kxg3 Qxb3 42.Bd4 Qb1 43.Nf3 Qg6+
44.Kf2 Qc2+ 45.Kf1 Qe4 46.Ke2 a6 47.Rb6 g5 48.Kf2 Qf5 49.Kg3 h5 50.Rb7+ Kh6
51.Bg7+ Kg6 52.Ne5+ Kh7 53.Bf6+ Kh6 54.Nf7+ Kg6 55.Bxg5 Qf1 56.Re7 Qg1+ 57.Kf4 Qh2+
58.Ke4 Qxh3 59.Bf4 Kf6 60.Rc7 Qg2+ 61.Kd3 Qd5+ 62.Ke2 a5 63.Ne5 a4 64.Rc6+ Kf5
65.Nf3 h4 66.Nd4+ Kg4 67.Rg6+ Kh3 68.Kf2 a3 69.Ne2 Qa2 70.e4 Qc2 71.Ke3  1-0

[Event "Schachbundesliga 2011-12"]
[Site "Remagen GER"]
[Date "2012.02.25"]
[Round "10"]
[White "Hector,J"]
[Black "Nikolic,Pr"]
[Result "0-1"]
[WhiteElo "2575"]
[BlackElo "2636"]

1.e4 e6 2.d4 d5 3.Nc3 Bb4 4.a3 Bxc3+ 5.bxc3 dxe4 6.Qg4 Qf6 7.Qxe4 Qg6 8.Qe2 Nf6
9.Nf3 Nbd7 10.h4 O-O 11.h5 Qe4 12.Be3 e5 13.Rh4 Qc6 14.c4 Re8 15.Rd1 Qa6
16.g4 Ne4 17.Rd3 exd4 18.Bxd4 Ndf6 19.Re3 Qa5+ 20.Nd2 Bd7 21.Bg2 Nxd2 22.Qxd2 Qg5
23.Rh1 Nxg4 24.Rxe8+ Rxe8+ 25.Kd1 Nxf2+ 26.Qxf2 Bg4+ 27.Bf3 Bxf3+ 28.Qxf3 Rd8
29.c3 c5 30.Rf1 f6 31.Kc2 cxd4 32.Rd1 Qc5 33.Qxb7 Qxc4 34.Rxd4 Qa2+ 35.Kd3 Re8
36.Re4 Rxe4 37.Qc8+ Kf7 38.Kxe4 Qe6+ 39.Qxe6+ Kxe6  0-1

[Event "Schachbundesliga 2011-12"]
[Site "Remagen GER"]
[Date "2012.02.26"]
[Round "11"]
[White "Nikolic,Pr"]
[Black "Nyback,T"]
[Result "0-1"]
[WhiteElo "2636"]
[BlackElo "2627"]

1.d4 Nf6 2.c4 g6 3.Nf3 Bg7 4.g3 c6 5.b3 d5 6.Bb2 O-O 7.Bg2 dxc4 8.bxc4 c5
9.O-O Qb6 10.Qb3 Ne4 11.e3 Nc6 12.Na3 cxd4 13.exd4 Nc5 14.dxc5 Qxb3 15.axb3 Bxb2
16.Ra2 Bc3 17.Nc2 Bf5 18.Nfe1 Rfd8 19.Ne3 a5 20.Nd5 Bd4 21.Nb6 Nb4 22.Re2 Rab8
23.Na4 e5 24.Rd2 e4 25.Kh1 Na6 26.Re2 Re8 27.Nc2 Bxc5 28.Rfe1 b6 29.Nc3 Nb4
30.Ne3 Bxe3 31.fxe3 Rbd8 32.h3 Rd3 33.Rc1 h5 34.Kh2 Kg7 35.c5 bxc5 36.Na4 Rxb3
37.Rxc5 Nd3 38.Rxa5 Ra3 39.Ra6 Nb4 40.Ra7 Nd5 41.Rb2 Nxe3 42.Rbb7 Rf8 43.Nc5 Rxa7
44.Rxa7 Rc8 45.Ra5 Nc4 46.Rb5 Nd6 47.Ra5 e3 48.Bf3 Nc4 49.Rb5 Nd2 50.Be2 Ne4
51.Nxe4 Bxe4 52.Rb3 Rc1  0-1

[Event "TCh-BEL 2011-12"]
[Site "Belgium BEL"]
[Date "2012.03.04"]
[Round "9.2"]
[White "Landa,K"]
[Black "Nikolic,Pr"]
[Result "1-0"]
[WhiteElo "2639"]
[BlackElo "2636"]

1.d4 f5 2.g3 Nf6 3.Bg2 e6 4.c4 c6 5.Nh3 Bb4+ 6.Nd2 d6 7.Qb3 Ba5 8.O-O O-O
9.Nf4 Qe7 10.Qa3 Bc7 11.e4 Qf7 12.exf5 exf5 13.d5 g5 14.dxc6 Nxc6 15.Nd5 Nxd5
16.Bxd5 Be6 17.Nf3 h6 18.Bxg5 hxg5 19.Nxg5 Bxd5 20.Nxf7 Bxf7 21.Qe3 Kh7 22.Qf4 Ne5
23.Rae1 Rae8 24.Re3 Bb6 25.Rc3 Kg7 26.Kg2 Be6 27.h4 Rf6 28.h5 Bd7 29.b4 Bc6+
30.f3 Ng4 31.c5 Re2+ 32.Kg1 dxc5 33.bxc5 Ba5 34.Rd3 Ne5 35.Qg5+ Kf7 36.h6 Nxd3
37.Qg7+ Ke6 38.h7 Bb4 39.h8=Q Bxc5+ 40.Kh1 Be7 41.Qhh7 Kd6 42.Qh4 f4 43.gxf4 Ree6
44.Qgh7 Nxf4 45.Rd1+ Nd5 46.Qg3+ Kd7 47.Qg5 Kc7 48.Rxd5 Rh6+ 49.Qgxh6 Rxh6+
50.Qxh6 Bxd5 51.Kg2 Bd6 52.Qd2 Kc6 53.Qa5 a6 54.Kf2 Bc4 55.Ke3 Bc5+ 56.Ke4 Bd5+
57.Kf4 Bd6+ 58.Kg4 Bc4 59.f4 b6 60.Qa4+ Kd5 61.f5 Be5 62.Kg5  1-0

[Event "TCh-NED Meesterklasse 2011-12"]
[Site "Netherlands NED"]
[Date "2012.03.10"]
[Round "7.1"]
[White "Nikolic,Pr"]
[Black "Miedema,D"]
[Result "0-1"]
[WhiteElo "2636"]
[BlackElo "2393"]

1.d4 Nf6 2.Nf3 e6 3.c4 d5 4.Bg5 dxc4 5.Qa4+ Nbd7 6.e3 c5 7.Bxc4 Be7 8.dxc5 Bxc5
9.O-O O-O 10.Rd1 Qc7 11.Be2 h6 12.Bh4 Nb6 13.Qb3 Nbd5 14.Nbd2 Bd7 15.Nc4 Rfc8
16.Bg3 Qd8 17.Nd4 Ne4 18.Bf3 Nxg3 19.hxg3 Qc7 20.Bxd5 exd5 21.Na3 Bg4 22.Rd3 Qe5
23.Nab5 Rd8 24.Rc1 Rac8 25.Rdc3 Bb6 26.Qb4 Rxc3 27.Rxc3 a6 28.Nc2 d4 29.Nbxd4 Ba5
30.Rc5 Bxb4 31.Rxe5 Bf8 32.f3 f6 33.Ra5 Bc8 34.g4 Kf7 35.Kf2 b6 36.Rh5 Bb7
37.a3 Rc8 38.Ke2 Rc7 39.Kd2 Rd7 40.Rh1 Rd5 41.Nb4 Rd7 42.Rc1 Bc5 43.Nc2 Bd6
44.Ke2 Be5 45.Rd1 a5 46.b4 Bd5 47.Kd3 Bc6 48.Rb1 Ba4 49.Rb2 Bb5+ 50.Kd2 Ba4
51.bxa5 bxa5 52.Kc3 g5 53.Na1 Bd6 54.Nac2 Be5 55.Kd3 Kg6 56.Na1 Bd6 57.Ke2 Be5
58.Nac2 Rc7 59.Ne1 Rc3 60.Ra2 Bd6 61.Nec2 Be5 62.Kd2 Rc7 63.Na1 Rd7 64.Kc3 Rc7+
65.Kd2 Rd7 66.Kd3 Bb5+ 67.Kc3 Rc7+ 68.Kd2 Bf1 69.Nab3 a4 70.Na5 Bxd4 71.exd4 Bxg2
72.d5 Bxf3 73.d6 Rc5 74.Ke3 Bxg4 75.Nb7 Rb5 76.Nd8 Re5+ 77.Kd4 Bf3 78.Rd2 Rd5+
79.Ke3 Rxd2 80.Kxd2 Bg4 81.Nb7 Kf7 82.Nc5 h5  0-1

[Event "TCh-NED Meesterklasse 2011-12"]
[Site "Netherlands NED"]
[Date "2012.03.31"]
[Round "8.2"]
[White "Nikolic,Pr"]
[Black "Saltaev,M"]
[Result "1/2-1/2"]
[WhiteElo "2636"]
[BlackElo "2484"]

1.d4 d5 2.c4 c6 3.Nc3 Nf6 4.e3 a6 5.Bd2 g6 6.Nf3 Bg7 7.h3 O-O 8.Rc1 e6 9.Bd3 Nbd7
10.O-O Re8 11.Qc2 c5 12.Rfd1 cxd4 13.exd4 dxc4 14.Bxc4 b5 15.Be2 Bb7 16.Qb3 Nb6
17.Bg5 Qd6 18.a3 Rac8 19.Ne5 Nbd5 20.Bxf6 Nxc3 21.Rxc3 Bxf6 22.Bf3 Rxc3 23.bxc3 Bxf3
24.Nxf3  1/2-1/2

[Event "Schachbundesliga 2011-12"]
[Site "Muelheim GER"]
[Date "2012.04.14"]
[Round "14"]
[White "Nikolic,Pr"]
[Black "Hausrath,D"]
[Result "1-0"]
[WhiteElo "2636"]
[BlackElo "2507"]

1.d4 Nf6 2.Nf3 g6 3.g3 Bg7 4.Bg2 O-O 5.c4 d6 6.O-O c6 7.b3 Qa5 8.Qd2 Qh5
9.Nc3 Bh3 10.Bb2 Nbd7 11.Rad1 Rfc8 12.Nh4 Bxg2 13.Nxg2 b5 14.cxb5 cxb5 15.Nf4 Qf5
16.Nd3 a5 17.f3 b4 18.Nb1 Qb5 19.Rc1 h5 20.Rxc8+ Rxc8 21.Rc1 Rxc1+ 22.Qxc1 Qf5
23.Nd2 Bh6 24.Qc8+ Kg7 25.Nc4 h4 26.Kg2 Qe6 27.e4 d5 28.Nce5 dxe4 29.fxe4 h3+
30.Kf1 Nxe5 31.Qxe6 fxe6 32.dxe5 Nxe4 33.Bd4 Nc3 34.a4 Ne4 35.Ke2 Nd2 36.Nc5 Kf7
37.Bf2 Nb1 38.Nb7 Nc3+ 39.Kd3 Bg7 40.Bd4 Nd5 41.Nxa5 Ke8 42.Nb7 Kd7 43.Nc5+ Kc6
44.Nxe6 Bh6 45.Kc4 Bd2 46.Nd8+ Kc7 47.Kxd5 Kxd8 48.Ke6 Kc7 49.Kxe7 Bc3 50.e6 Bxd4
51.Kf7  1-0

[Event "Schachbundesliga 2011-12"]
[Site "Muelheim GER"]
[Date "2012.04.15"]
[Round "15"]
[White "Glek,I"]
[Black "Nikolic,Pr"]
[Result "0-1"]
[WhiteElo "2408"]
[BlackElo "2636"]

1.e4 e5 2.Nf3 Nc6 3.Nc3 Nf6 4.g3 d5 5.exd5 Nxd5 6.Bg2 Nxc3 7.bxc3 Be7 8.O-O O-O
9.Re1 Bf6 10.Rb1 Rb8 11.d3 Be6 12.c4 Qd7 13.Bb2 Bg4 14.Re4 a6 15.Qe1 Bxf3
16.Bxf3 b5 17.c5 g6 18.Bg2 Bg7 19.Re3 f6 20.Qc3 Kh8 21.Qa3 a5 22.c4 Rfd8
23.Ree1 Nb4 24.Qxa5 Nxd3 25.Rbd1 bxc4 26.Bc3 Qf7 27.Re2 f5 28.Rc2 h5 29.h4 Kh7
30.Bf1 f4 31.Bg2 f3 32.Bf1 Qd7 33.Ba1 Ra8 34.Qc3 Ra4 35.Rcd2 e4 36.Qc2 Rda8
37.c6 Qe7 38.Bxg7 Qxg7 39.Rb1 Qe5 40.Kh2 e3 41.fxe3 c3 42.Rxd3 Rxa2 43.Rc1 Rxc2+
44.Rxc2 Ra1 45.Bh3 Re1  0-1

[Event "11th TCh-BIH Premier"]
[Site "Jahorina BIH"]
[Date "2012.06.02"]
[Round "1.3"]
[White "Nikolic,Pr"]
[Black "Vucic,Ml"]
[Result "1-0"]
[WhiteElo "2635"]
[BlackElo "2336"]

1.d4 Nf6 2.c4 g6 3.Nf3 Bg7 4.g3 O-O 5.Bg2 c6 6.O-O d5 7.Na3 Nbd7 8.Bf4 dxc4
9.Nxc4 Nd5 10.Bg5 h6 11.Bd2 N7b6 12.Na5 Nf6 13.Qc2 Ne8 14.Rfd1 Nd6 15.Ne5 Bd7
16.Rac1 Be8 17.b4 Rb8 18.Be1 Kh7 19.e3 Bd7 20.Nxd7 Qxd7 21.a4 Qe6 22.e4 Rfd8
23.h4 h5 24.Kh2 Bh6 25.Ra1 Bg7 26.Nb3 f5 27.Nc5 Qg8 28.e5 Ne8 29.b5 Nd5 30.bxc6 bxc6
31.Rab1 Rdc8 32.Rxb8 Rxb8 33.Nd7 Rc8 34.Rb1 Rc7 35.Nc5 Bf8 36.Rb8 Ng7 37.Na6 Rd7
38.Qxc6 Qe6 39.Qc8  1-0

[Event "11th TCh-BIH Premier"]
[Site "Jahorina BIH"]
[Date "2012.06.03"]
[Round "2.3"]
[White "Sutkovic,D"]
[Black "Nikolic,Pr"]
[Result "1/2-1/2"]
[WhiteElo "2357"]
[BlackElo "2635"]

1.d4 e6 2.c4 f5 3.Nc3 Nf6 4.Nf3 Bb4 5.Qb3 a5 6.a3 Bxc3+ 7.Qxc3 a4 8.g3 b6
9.Bg2 Bb7 10.O-O O-O 11.Rd1 Qe7 12.Bg5 h6 13.Bxf6 Qxf6 14.Rac1 d6 15.c5 bxc5
16.dxc5 Qxc3 17.Rxc3 d5 18.Nd4 Kf7 19.c6 Bc8 20.Nb5 Ra5 21.Nxc7 Ke7 22.Bxd5 exd5
23.Nxd5+ Kf7 24.Nb6 Ra6 25.Nxc8 Rxc8 26.c7 Nc6 27.Rd7+ Ne7 28.Re3 Re6 29.Rxe6 Kxe6
30.Rd4 Rxc7 31.Rxa4 Rc2 32.b4 Rxe2 33.b5 Rb2 34.Ra6+ Kf7 35.a4 Nd5 36.Rc6 Rb4
37.Rc5 Ke6 38.a5 f4 39.Kg2 Rb3 40.a6 f3+ 41.Kh3 Kd6 42.a7 Ra3 43.Rc6+ Ke5
44.b6 Nxb6 45.Rxb6 Rxa7  1/2-1/2

[Event "11th TCh-BIH Premier"]
[Site "Jahorina BIH"]
[Date "2012.06.04"]
[Round "3.4"]
[White "Nikolic,Pr"]
[Black "Kurajica,B"]
[Result "1/2-1/2"]
[WhiteElo "2635"]
[BlackElo "2556"]

1.d4 Nf6 2.c4 e6 3.Nf3 Bb4+ 4.Bd2 c5 5.Bxb4 cxb4 6.g3 O-O 7.Bg2 d6 8.O-O Nc6
9.d5 exd5 10.cxd5 Ne7 11.Ne1 Qb6 12.Nc2 Bf5 13.Ne3 Bd7 14.Nd2 a5 15.Ndc4 Qa6
16.Qd4 Bb5 17.Nb6 Qa7 18.Rfd1 Rae8 19.a3 Bxe2 20.Rd2 bxa3 21.Rxa3 Nc8 22.Rxe2 Qxb6
23.Qa4 Re7 24.Bh3 Re4 25.Qxa5 Qxa5 26.Rxa5 Nb6 27.Rc2 Rb4 28.Ra7 Rb8 29.Bg2  1/2-1/2

[Event "11th TCh-BIH Premier"]
[Site "Jahorina BIH"]
[Date "2012.06.07"]
[Round "6.1"]
[White "Nikolic,Pr"]
[Black "Goric,E"]
[Result "1-0"]
[WhiteElo "2635"]
[BlackElo "2346"]

1.d4 Nf6 2.c4 d6 3.Nf3 Nbd7 4.Nc3 e5 5.e4 Be7 6.Be2 O-O 7.O-O c6 8.Re1 Re8
9.Bf1 Qc7 10.h3 Nf8 11.Be3 Ng6 12.Qc2 h6 13.b4 Bd7 14.Rab1 Nh7 15.d5 Nf6
16.Rec1 Rec8 17.a4 Qd8 18.a5 cxd5 19.cxd5 Nf8 20.Nd2 Ne8 21.Nc4 Bg5 22.Qd2 Ng6
23.Kh2 Bxe3 24.Nxe3 Ne7 25.Bd3 Rc7 26.b5 Rc5 27.Na2 Rac8 28.b6 axb6 29.axb6 Rxc1
30.Nxc1 Ra8 31.Rb4 Nc8 32.Nc4 Nf6 33.Nb3 Be8 34.Nba5 Rb8 35.Qe3 Nd7 36.Be2 Nc5
37.Bg4 f6 38.Rb1 Bd7 39.g3 Bxg4 40.hxg4 Qd7 41.Nb3 Na6 42.Rc1 Ne7 43.Nbd2 Rd8
44.Qa3 Nc8 45.Qa5 g6 46.Kg1 Kf7 47.Nf1 Ne7 48.Nfe3 Rc8 49.Ra1 Rd8 50.Qa3 Nc8
51.Qb2 Ne7 52.Ra2 f5 53.exf5 gxf5 54.Qb1 Kf6 55.gxf5 Nxf5 56.Qe4 Nxe3 57.Nxe3 Nc5
58.Qh4+ Kf7 59.Ng4 Qe7 60.Qxh6  1-0